<?xml version="1.0" encoding="UTF-8"?>
<record
    xmlns:xsi="http://www.w3.org/2001/XMLSchema-instance"
    xsi:schemaLocation="http://www.loc.gov/MARC21/slim http://www.loc.gov/standards/marcxml/schema/MARC21slim.xsd"
    xmlns="http://www.loc.gov/MARC21/slim">

  <leader>01609nam0a2200325 i 4500</leader>
  <controlfield tag="001">RU\NLR\BIBL_A\010027265</controlfield>
  <controlfield tag="005">20260406094320.0</controlfield>
  <datafield tag="010" ind1=" " ind2=" ">
    <subfield code="a">9785815912090</subfield>
    <subfield code="9">5000</subfield>
  </datafield>
  <datafield tag="021" ind1=" " ind2=" ">
    <subfield code="a">RU</subfield>
    <subfield code="b">2013-97402</subfield>
    <subfield code="9">6757</subfield>
  </datafield>
  <datafield tag="035" ind1=" " ind2=" ">
    <subfield code="a">(NILC)RuMoRGB-006707638</subfield>
  </datafield>
  <datafield tag="035" ind1=" " ind2=" ">
    <subfield code="a">(NLR Aleph) 010027265</subfield>
  </datafield>
  <datafield tag="090" ind1=" " ind2=" ">
    <subfield code="a">9930783</subfield>
    <subfield code="c">9930783</subfield>
  </datafield>
  <datafield tag="100" ind1=" " ind2=" ">
    <subfield code="a">20140131d2013    um y0rusy50      ca</subfield>
  </datafield>
  <datafield tag="101" ind1="1" ind2=" ">
    <subfield code="a">rus</subfield>
    <subfield code="c">eng</subfield>
  </datafield>
  <datafield tag="102" ind1=" " ind2=" ">
    <subfield code="a">RU</subfield>
  </datafield>
  <datafield tag="105" ind1=" " ind2=" ">
    <subfield code="a">y||||||||||||</subfield>
  </datafield>
  <datafield tag="200" ind1="1" ind2=" ">
    <subfield code="a">&#x41E; &#x432;&#x441;&#x435;&#x445; &#x441;&#x43E;&#x437;&#x434;&#x430;&#x43D;&#x438;&#x44F;&#x445; - &#x43F;&#x440;&#x435;&#x43A;&#x440;&#x430;&#x441;&#x43D;&#x44B;&#x445; &#x438; &#x440;&#x430;&#x437;&#x443;&#x43C;&#x43D;&#x44B;&#x445;</subfield>
    <subfield code="e">[&#x440;&#x430;&#x441;&#x441;&#x43A;&#x430;&#x437;&#x44B;]</subfield>
    <subfield code="f">&#x414;&#x436;&#x435;&#x439;&#x43C;&#x441; &#x425;&#x44D;&#x440;&#x440;&#x438;&#x43E;&#x442;</subfield>
    <subfield code="g">[&#x43F;&#x435;&#x440;. &#x441; &#x430;&#x43D;&#x433;&#x43B;. &#x418;. &#x413;. &#x413;&#x443;&#x440;&#x43E;&#x432;&#x43E;&#x439;]</subfield>
  </datafield>
  <datafield tag="205" ind1=" " ind2=" ">
    <subfield code="a">[&#x41F;&#x435;&#x440;&#x435;&#x438;&#x437;&#x434;.]</subfield>
  </datafield>
  <datafield tag="210" ind1=" " ind2=" ">
    <subfield code="a">&#x41C;&#x43E;&#x441;&#x43A;&#x432;&#x430;</subfield>
    <subfield code="c">&#x417;&#x430;&#x445;&#x430;&#x440;&#x43E;&#x432;</subfield>
    <subfield code="d">2013</subfield>
  </datafield>
  <datafield tag="215" ind1=" " ind2=" ">
    <subfield code="a">362, [1] &#x441;.</subfield>
    <subfield code="d">21</subfield>
  </datafield>
  <datafield tag="327" ind1="0" ind2=" ">
    <subfield code="a">&#x421;&#x43E;&#x434;&#x435;&#x440;&#x436;.: &#x418;&#x43D;&#x442;&#x435;&#x440;&#x435;&#x441;&#x43D;&#x44B;&#x439; &#x432;&#x438;&#x437;&#x438;&#x442; &#x43A; &#x43C;&#x438;&#x441;&#x442;&#x435;&#x440;&#x443; &#x41A;&#x435;&#x43D;&#x434;&#x430;&#x43B;&#x43B;&#x443;; &#x418;&#x441;&#x43A;&#x443;&#x441;&#x441;&#x442;&#x432;&#x43E; &#x43B;&#x435;&#x447;&#x438;&#x442;&#x44C; &#x43D;&#x435; &#x43F;&#x440;&#x43E;&#x441;&#x44B;&#x43F;&#x430;&#x44F;&#x441;&#x44C;; &#x414;&#x436;&#x43E;&#x43A;, &#x441;&#x430;&#x43C;&#x430;&#x44F; &#x431;&#x44B;&#x441;&#x442;&#x440;&#x430;&#x44F; &#x441;&#x43E;&#x431;&#x430;&#x43A;&#x430;; &#x421;&#x442;&#x43E;&#x439;&#x43A;&#x438;&#x439; &#x44F;&#x433;&#x43D;&#x435;&#x43D;&#x43E;&#x43A; &#x413;&#x435;&#x440;&#x431;&#x435;&#x440;&#x442;; &#x41F;&#x435;&#x441;-&#x432;&#x435;&#x43B;&#x438;&#x43A;&#x430;&#x43D;; &#x411;&#x435;&#x434;&#x430; &#x432;&#x441;&#x435;&#x433;&#x434;&#x430; &#x445;&#x43E;&#x434;&#x438;&#x442; &#x446;&#x438;&#x43A;&#x43B;&#x43E;&#x43D;&#x430;&#x43C;&#x438;; &#x421;&#x432;&#x438;&#x43D;&#x44C;&#x44F; &#x41F;&#x440;&#x443;&#x434;&#x435;&#x43D;&#x446;&#x438;&#x44F; &#x441;&#x432;&#x43E;&#x44E; &#x432;&#x44B;&#x433;&#x43E;&#x434;&#x443; &#x437;&#x43D;&#x430;&#x435;&#x442;; &#x41A;&#x43E;&#x43B;&#x44C;&#x446;&#x43E; &#x432; &#x43D;&#x43E;&#x441; &#x437;&#x430; &#x434;&#x432;&#x430;&#x434;&#x446;&#x430;&#x442;&#x44C; &#x43C;&#x438;&#x43D;&#x443;&#x442;; &#x414;&#x440;&#x443;&#x437;&#x44C;&#x44F; &#x438; &#x432;&#x440;&#x430;&#x433;&#x438; &#x434;&#x43E;&#x43C;&#x430;&#x448;&#x43D;&#x435;&#x433;&#x43E; &#x432;&#x438;&#x43D;&#x430;; &#x421;&#x43E;&#x431;&#x430;&#x43A;&#x430; &#x43C;&#x438;&#x441;&#x441;&#x438;&#x441; &#x414;&#x43E;&#x43D;&#x43E;&#x432;&#x430;&#x43D; [&#x438; &#x434;&#x440;.]</subfield>
  </datafield>
  <datafield tag="675" ind1=" " ind2=" ">
    <subfield code="a">821.111-32</subfield>
  </datafield>
  <datafield tag="686" ind1="1" ind2=" ">
    <subfield code="a">&#x428;6(4&#x412;&#x43B;)67-440.5(&#x41B;&#x445;1299-80)</subfield>
  </datafield>
  <datafield tag="700" ind1=" " ind2="1">
    <subfield code="a">&#x425;&#x44D;&#x440;&#x440;&#x438;&#x43E;&#x442;</subfield>
    <subfield code="b">&#x414;.</subfield>
    <subfield code="f">1916-1995</subfield>
    <subfield code="g">&#x414;&#x436;&#x435;&#x439;&#x43C;&#x441;</subfield>
    <subfield code="3">RU\NLR\AUTH\7768676</subfield>
    <subfield code="9">51604</subfield>
  </datafield>
  <datafield tag="801" ind1=" " ind2="0">
    <subfield code="a">RU</subfield>
    <subfield code="b">RuMoRKP</subfield>
    <subfield code="c">20131205</subfield>
    <subfield code="g">RCR</subfield>
  </datafield>
  <datafield tag="801" ind1=" " ind2="2">
    <subfield code="a">RU</subfield>
    <subfield code="b">&#x420;&#x413;&#x411;</subfield>
    <subfield code="c">20131216</subfield>
    <subfield code="g">rcr</subfield>
  </datafield>
  <datafield tag="942" ind1=" " ind2=" ">
    <subfield code="c">BOOK</subfield>
  </datafield>
  <datafield tag="980" ind1=" " ind2=" ">
    <subfield code="a">NBR</subfield>
  </datafield>
</record>
